Bulletin de la Société d'études historiques juives d'Egypte.

محفوظ في:

التنسيق: كتاب

اللغة: French

الموضوعات:

الوسوم: إضافة وسم

لا توجد وسوم, كن أول من يضع وسما على هذه التسجيلة!

رقم الطلب: (J)DT135 .E3 R44

LEADER 00576nam a22001937a 4500
005 20251029093827.0
008 251029c19299999ua g p 000 0 fre d
043 |a f-ua--- 
050 1 4 |a (J)DT135 .E3  |b R44 
245 0 0 |a Bulletin de la Société d'études historiques juives d'Egypte.  
264 1 |a Cairo :  |b I. Moscato,  |c 1929- 
300 |a volumes ;  |c 24 cm 
336 |a text  |b txt  |2 rdacontent 
337 |a unmediated  |b n  |2 rdamedia 
338 |a volume  |b nc  |2 rdacarrier 
362 1 |a volume 1(1929) 
650 0 |a Jews  |z Egypt  |x History  |v Periodicals. 
942 |c JL  |2 lcc 
999 |c 28070  |d 28070